1196 1097 1597 1934 1326 1758 1352 1083 1573 1810 1798 1019 1625 1112 1588 1578 1622 1194 1704 1829 1768 1036 1205 1986 1659 1442 1318 1702 1739 1919 1952 1111 1171 1792 1433 1906 1207 1319 1062 1190 1099 1177 1095 1360 1694 1161 1775 1218 1578 1821 1630 1211 1668 1249 1836 1451 1073 1353 1508 1002 1992 1847 1436 1712 1073 1025 1258 1540 1768 1656 1229 1540 1736 1471 1606 1445 1638 1363 1355 1088 1607 1133 1350 1791 1463 1723 1554 1996 1154 1533 1940 1357 1269 1651 1795 1053 1853 1265 1860 BCNSPRNW ULIB Ver.6.0+V

เปลี่ยนเป็นภาษาไทย

Change to English
 แสดงรายละเอียดบรรณานุกรม
  กลับหน้าหลัก

Brief Record : Get Marc (ISO 2709) : E-mail record : QR code < ปิดหน้าต่าง
LEADER : 00000nam 2200000uu 4500
001    13399112540
003     ULIB
008    110823sมปป.||||th 000 0 tha d
020    9789740699170
090    นว.^bT111อ
100 0  TheLittleFinger
245 00 โอมเพี้ยง แม่มดอลวนรักยกกำลังสอง/^cTheLittleFinger
250    พิมพ์ครั้งที่ 1
260    กรุงเทพฯ :^bแจ่มใส
300    187 หน้า
710 1  แจ่มใส
945    ^p139^l0^i15322
995    กัณชพร
999     ^aใช้งานได้ทุกระบบ
รายการนี้ยังไม่มีแท็ก
คุณยังไม่ได้ล็อกอิน คุณสามารถมีกิจกรรมร่วมกับเว็บไซต์ได้ แต่ต้องล็อกอินก่อน ::
  ล็อกอิน

รายการสื่อสารสนเทศ

ลำดับที่ ประเภท เลขเรียก/บาร์โค้ด สถานที่ สถานะ
1. นวนิยาย
นวนิยาย
นว. T111อ  
  Barcode: 15322
ห้องสมุดวิทยาเขตสวรรค์ประชารักษ์
►นวนิยาย
บนชั้น
  ขอยืม

รายการใกล้เคียง
    ผู้แต่ง [TheLittleFinger]

BibComment


ยังไม่เคยถูกคอมเมนท์

คอมเมนท์ทรัพยากรรายการนี้
  คอมเมนท์: โอมเพี้ยง แม่มดอล..


 Copyright 2026. Bcnsprnw @Library